[Event "SF Stadtverwaltung Bonn 1 - Siegener SV"]
[Site "NRW-Klasse - Gruppe 4 2021/20"]
[Date "2022.03.27"]
[Round "7.7"]
[White "Klueser, Rolf"]
[Black "Masius, Patrick"]
[Result "0-1"]
[WhiteElo "1658"]
[BlackElo "1924"]
[PlyCount "102"]
[EventDate "2022.??.??"]
[SourceVersionDate "2020.03.16"]
[WhiteTeam "Siegener SV 1"]
[BlackTeam "SF Stadtverwaltung Bonn 1"]

1. e4 Nf6 2. Nc3 d5 3. exd5 Nxd5 4. Qf3 c6 5. Bc4 Be6 6. Nxd5 Bxd5 7. Bxd5 Qxd5
8. Qxd5 cxd5 9. Nf3 Nc6 10. O-O Nb4 11. Ne1 e6 12. a3 Nc6 13. b3 Be7 14. Bb2
Bf6 15. Rb1 Rc8 16. h3 Nd4 17. Bxd4 Bxd4 18. Nf3 Bf6 19. Rfc1 b5 20. Kf1 h5 21.
g3 g5 22. Kg2 g4 23. Ne1 Bg5 24. Rd1 O-O 25. f4 gxf3+ 26. Nxf3 Bf6 27. Ne1 e5
28. Kf3 Rc6 29. Ke3 Kh7 30. Kf3 Ra6 31. a4 bxa4 32. bxa4 Rxa4 33. Rb3 Rd8 34.
Ke2 Rd7 35. Rdb1 Kg7 36. Rb4 Rxb4 37. Rxb4 a5 38. Ra4 Bd8 39. c3 d4 40. Nd3
dxc3 41. dxc3 Rb7 42. Kd2 Bc7 43. g4 hxg4 44. hxg4 Kf6 45. Nc5 Rb2+ 46. Kd3 Kg5
47. Ne4+ Kxg4 48. Nd6+ Kg5 49. Nxf7+ Kg6 50. Rc4 Rb7 51. Nh8+ Kg7 0-1

[Event "SF Stadtverwaltung Bonn 1 - Siegener SV"]
[Site "NRW-Klasse - Gruppe 4 2021/20"]
[Date "2022.03.27"]
[Round "7.8"]
[White "Zhong, Xianghui"]
[Black "Jopp, Guenter"]
[Result "1/2-1/2"]
[WhiteElo "1813"]
[BlackElo "1667"]
[PlyCount "56"]
[EventDate "2022.??.??"]
[SourceVersionDate "2020.03.16"]
[WhiteTeam "SF Stadtverwaltung Bonn 1"]
[BlackTeam "Siegener SV 1"]

1. d4 d5 2. c4 e6 3. Nf3 Nf6 4. e3 Be7 5. Nc3 O-O 6. Bd3 Nbd7 7. O-O b6 8. e4
dxe4 9. Nxe4 Bb7 10. Qe2 Bxe4 11. Bxe4 Nxe4 12. Qxe4 Nf6 13. Qc6 Qd6 14. Qxd6
Bxd6 15. Rd1 h6 16. b3 Rad8 17. Bb2 Rfe8 18. Rd3 Be7 19. Rad1 Nd7 20. Ne5 Nb8
21. d5 exd5 22. Rxd5 Rxd5 23. Rxd5 c6 24. Rd1 Bc5 25. Kf1 f6 26. Nd7 Nxd7 27.
Rxd7 Re7 28. Rxe7 Bxe7 1/2-1/2

[Event "SG Solingen 4 - SV Bergneustadt/Derschl"]
[Site "NRW-Klasse - Gruppe 4 2021/20"]
[Date "2022.03.27"]
[Round "7.1"]
[White "Stuemer, Paul"]
[Black "Blasek, Ralph"]
[Result "0-1"]
[WhiteElo "1971"]
[BlackElo "2088"]
[PlyCount "76"]
[EventDate "2022.??.??"]
[SourceVersionDate "2020.03.16"]
[WhiteTeam "SV Bergneustadt/Derschlag 1"]
[BlackTeam "SG Solingen 4"]

1. d4 d5 2. Nf3 Bf5 3. e3 e6 4. Bd3 Bg6 5. O-O Bd6 6. c4 Nf6 7. Nc3 c6 8. Ne5
Ne4 9. f3 Nxc3 10. bxc3 Nd7 11. Nxd7 Qxd7 12. cxd5 cxd5 13. e4 O-O 14. e5 Be7
15. f4 Rac8 16. Rf3 a6 17. Bxg6 hxg6 18. Rh3 Rc4 19. Bd2 Qa4 20. Qe1 Qd7 21.
Qg3 b5 22. f5 exf5 23. e6 Qxe6 24. Re1 Qd7 25. Bg5 f6 26. Bd2 Kf7 27. Qd3 Re8
28. Rhe3 Rcc8 29. Qf1 Bf8 30. Qf3 Re4 31. Rxe4 dxe4 32. Qf1 Qd5 33. a4 g5 34.
axb5 axb5 35. Ra1 f4 36. Ra7+ Be7 37. Qa1 b4 38. Qa6 bxc3 0-1

[Event "SG Solingen 4 - SV Bergneustadt/Derschl"]
[Site "NRW-Klasse - Gruppe 4 2021/20"]
[Date "2022.03.27"]
[Round "7.2"]
[White "Fichtner, Ewald"]
[Black "Michalik, Friedhelm"]
[Result "0-1"]
[WhiteElo "2017"]
[BlackElo "2011"]
[PlyCount "100"]
[EventDate "2022.??.??"]
[SourceVersionDate "2020.03.16"]
[WhiteTeam "SG Solingen 4"]
[BlackTeam "SV Bergneustadt/Derschlag 1"]

1. d4 Nf6 2. Bf4 g6 3. Nc3 Bg7 4. e4 d6 5. Qd2 h6 6. O-O-O c6 7. Nf3 b5 8. e5
b4 9. Na4 Nd5 10. Bc4 Nxf4 11. Qxf4 d5 12. Bd3 e6 13. Kb1 Ba6 14. Nc5 Bxd3 15.
Rxd3 Qe7 16. h4 a5 17. h5 g5 18. Qe3 Na6 19. Nxa6 Rxa6 20. Nd2 a4 21. f4 c5 22.
dxc5 gxf4 23. Qxf4 Qxc5 24. c4 Rc6 25. Rc1 dxc4 26. Nxc4 O-O 27. Rg3 Kh8 28.
Rg4 Rfc8 29. Qxf7 Qxe5 30. Qf2 Qf5+ 31. Qxf5 exf5 32. Rf4 Bf6 33. Rxf5 Bg5 34.
Rxg5 hxg5 35. b3 axb3 36. axb3 Re6 37. Rd1 Re2 38. g3 Rf8 39. Nd2 Rd8 40. Kc2
Rg2 41. Kc1 Rxg3 42. Re1 Rc3+ 43. Kd1 Rxb3 44. Re2 Rb2 45. Kc1 Rdxd2 46. Re8+
Kh7 47. Re7+ Kg8 48. h6 Rh2 49. Rg7+ Kh8 50. Rxg5 Rbg2 0-1

[Event "SG Solingen 4 - SV Bergneustadt/Derschl"]
[Site "NRW-Klasse - Gruppe 4 2021/20"]
[Date "2022.03.27"]
[Round "7.3"]
[White "Wang, Andre"]
[Black "Muedder, Melanie"]
[Result "1/2-1/2"]
[WhiteElo "1976"]
[BlackElo "1889"]
[PlyCount "79"]
[EventDate "2022.??.??"]
[SourceVersionDate "2020.03.16"]
[WhiteTeam "SV Bergneustadt/Derschlag 1"]
[BlackTeam "SG Solingen 4"]

1. d4 Nf6 2. c4 g6 3. Nc3 d5 4. cxd5 Nxd5 5. e4 Nxc3 6. bxc3 Bg7 7. Bc4 O-O 8.
Ne2 c5 9. O-O Nc6 10. Be3 Qc7 11. Qa4 Bd7 12. Qa3 cxd4 13. cxd4 Nxd4 14. Bxf7+
Rxf7 15. Bxd4 Bxd4 16. Nxd4 Qb6 17. Nf3 Raf8 18. Qb3 Qxb3 19. axb3 Bb5 20. Rfe1
a6 21. Rac1 Bc6 22. Re2 Rf4 23. Ng5 Rg4 24. Ne6 Rf6 25. f3 Rxf3 26. Nd4 Rd3 27.
Nxc6 bxc6 28. Rxc6 Rf4 29. g3 Rff3 30. Rxa6 Rxb3 31. Ra1 Rbe3 32. Rae1 Rxe2 33.
Rxe2 Kf7 34. Kg2 Rb3 35. h3 Ke6 36. Kf2 Ke5 37. Re3 Rb1 38. Re2 Rb3 39. Re3 Rb1
40. Re2 1/2-1/2

[Event "SG Solingen 4 - SV Bergneustadt/Derschl"]
[Site "NRW-Klasse - Gruppe 4 2021/20"]
[Date "2022.03.27"]
[Round "7.4"]
[White "Goerke, Joachim"]
[Black "Sailer, Hans-Peter"]
[Result "1-0"]
[WhiteElo "2010"]
[BlackElo "1810"]
[PlyCount "59"]
[EventDate "2022.??.??"]
[SourceVersionDate "2020.03.16"]
[WhiteTeam "SG Solingen 4"]
[BlackTeam "SV Bergneustadt/Derschlag 1"]

1. d4 Nf6 2. c4 e6 3. Nf3 d5 4. Nc3 Bb4 5. a3 Bxc3+ 6. bxc3 c5 7. e3 O-O 8. Bd3
dxc4 9. Bxc4 Qc7 10. Qe2 Nc6 11. O-O e5 12. d5 Na5 13. e4 Nxc4 14. Qxc4 b6 15.
Bg5 Qd6 16. h3 h6 17. Bd2 Ne8 18. Qe2 Qe7 19. c4 Nd6 20. Bc3 f6 21. a4 Bd7 22.
Nd2 Rfe8 23. Rfb1 Reb8 24. Rb3 Qe8 25. Rba3 Kh7 26. Bb2 Rb7 27. Bc1 Rab8 28.
Nb3 Qg6 29. Nd2 Bxh3 30. Rxh3 1-0

[Event "SG Solingen 4 - SV Bergneustadt/Derschl"]
[Site "NRW-Klasse - Gruppe 4 2021/20"]
[Date "2022.03.27"]
[Round "7.5"]
[White "Chlechowitz, Maximilian"]
[Black "Speck, Stefan"]
[Result "1/2-1/2"]
[WhiteElo "1686"]
[BlackElo "1900"]
[PlyCount "96"]
[EventDate "2022.??.??"]
[SourceVersionDate "2020.03.16"]
[WhiteTeam "SV Bergneustadt/Derschlag 1"]
[BlackTeam "SG Solingen 4"]

1. d4 e6 2. Nf3 f5 3. Bf4 Nf6 4. h3 d5 5. e3 Bd6 6. Bd3 O-O 7. O-O Qe7 8. c3 c6
9. Nbd2 Nbd7 10. c4 Ne4 11. c5 Bb8 12. b4 e5 13. dxe5 Nxe5 14. Nxe5 Bxe5 15.
Bxe5 Qxe5 16. Nxe4 fxe4 17. Be2 Rf6 18. Bg4 Bxg4 19. Qxg4 Raf8 20. Qd1 Qb2 21.
Qe1 Rxf2 22. Rxf2 Rxf2 23. Qxf2 Qxa1+ 24. Kh2 Qe5+ 25. Kh1 h6 26. Qe2 g6 27. a4
h5 28. Qf2 Kg7 29. Qh4 a6 30. Qd8 Qf6 31. Qd7+ Qf7 32. Qd6 Kh6 33. h4 Qf2 34.
Qd8 Kg7 35. Qe7+ Qf7 36. Qd8 Kh7 37. g3 Qf1+ 38. Kh2 Qf2+ 39. Kh3 Qf5+ 40. Kh2
Qf2+ 41. Kh3 Qf1+ 42. Kh2 Kg7 43. Qe7+ Qf7 44. Qe5+ Qf6 45. Qc7+ Kh6 46. Qd6
Qf2+ 47. Kh3 Qf3 48. Kh2 Qf2+ 1/2-1/2

[Event "SG Solingen 4 - SV Bergneustadt/Derschl"]
[Site "NRW-Klasse - Gruppe 4 2021/20"]
[Date "2022.03.27"]
[Round "7.6"]
[White "Muedder, Rafael"]
[Black "Stahlschmidt, Timo"]
[Result "1-0"]
[WhiteElo "2030"]
[BlackElo "1383"]
[PlyCount "41"]
[EventDate "2022.??.??"]
[SourceVersionDate "2020.03.16"]
[WhiteTeam "SG Solingen 4"]
[BlackTeam "SV Bergneustadt/Derschlag 1"]

1. e4 d6 2. d4 Nf6 3. Nc3 e5 4. Nf3 Nbd7 5. Bc4 Be7 6. h3 h6 7. Be3 c6 8. a4
Qc7 9. Bb3 Nf8 10. Qe2 g5 11. Qc4 Bd8 12. g4 Ne6 13. O-O-O a6 14. d5 Nf4 15.
Bxf4 exf4 16. dxc6 bxc6 17. Rxd6 Be6 18. Qxc6+ Qxc6 19. Rxc6 Bxb3 20. cxb3 Ba5
21. Rxf6 1-0

[Event "Bergische SF 1 - SK Turm Euskirchen 1"]
[Site "NRW-Klasse - Gruppe 4 2021/20"]
[Date "2022.03.27"]
[Round "7.1"]
[White "Vandenbergen, Nicolas"]
[Black "Bosbach, Stefan"]
[Result "1-0"]
[WhiteElo "2132"]
[BlackElo "2018"]
[PlyCount "103"]
[EventDate "2022.??.??"]
[SourceVersionDate "2020.03.16"]
[WhiteTeam "SK Turm Euskirchen 1"]
[BlackTeam "Bergische SF 1"]

1. Nc3 c5 2. e4 Nc6 3. g3 g6 4. Bg2 Bg7 5. d3 e6 6. f4 Nge7 7. Nf3 d5 8. e5 Rb8
9. O-O b5 10. Qe1 Qb6 11. Qf2 f6 12. exf6 Bxf6 13. Kh1 O-O 14. g4 c4 15. Qe2
cxd3 16. cxd3 b4 17. Nd1 Qa6 18. Be3 d4 19. Bd2 b3 20. a3 Rb5 21. Rc1 e5 22.
Nf2 exf4 23. Bxf4 Nd5 24. Bh6 Bg7 25. Bxg7 Kxg7 26. Rxc6 Qxc6 27. Nxd4 Qf6 28.
Nxb5 Nf4 29. Qf3 Qb6 30. Nc3 Ne6 31. Qg3 Qd4 32. Nfe4 Rd8 33. Qf3 Rf8 34. Qg3
Rd8 35. Qf2 Qxf2 36. Nxf2 Nf4 37. Be4 h5 38. gxh5 g5 39. Re1 Kh6 40. Bg6 Bb7+
41. Kg1 Bf3 42. Re7 g4 43. Nce4 Nxg6 44. hxg6 Kxg6 45. Rxa7 Kf5 46. Rf7+ Ke5
47. h3 Bxe4 48. Re7+ Kf6 49. Rxe4 gxh3 50. Kh2 Rc8 51. Rc4 Rh8 52. Rc3 1-0

[Event "Bergische SF 1 - SK Turm Euskirchen 1"]
[Site "NRW-Klasse - Gruppe 4 2021/20"]
[Date "2022.03.27"]
[Round "7.2"]
[White "Harringer, Manfred"]
[Black "Neubauer, Jürgen"]
[Result "1-0"]
[WhiteElo "2025"]
[BlackElo "2073"]
[PlyCount "183"]
[EventDate "2022.??.??"]
[SourceVersionDate "2020.03.16"]
[WhiteTeam "Bergische SF 1"]
[BlackTeam "SK Turm Euskirchen 1"]

1. e4 c5 2. Nf3 d6 3. Bb5+ Bd7 4. Bxd7+ Qxd7 5. O-O Nc6 6. c3 g6 7. d4 cxd4 8.
cxd4 Bg7 9. Nc3 Rd8 10. Bg5 h6 11. Be3 Nf6 12. d5 Ne5 13. Bxa7 Nxf3+ 14. Qxf3
O-O 15. Bd4 Ng4 16. Bxg7 Kxg7 17. Qe2 f5 18. h3 Nf6 19. exf5 gxf5 20. Rfe1 Rf7
21. Qf3 Rg8 22. Re6 Nh7 23. Qh5 Kf8 24. Rae1 Ng5 25. f4 Nh7 26. Qxh6+ Rfg7 27.
Rg6 Kf7 28. Rxg7+ Rxg7 29. Qh5+ Kg8 30. Qe2 Nf8 31. Kf2 Qc7 32. g3 Qb6+ 33. Kg2
Ng6 34. Kh2 Qb4 35. a3 Qc5 36. Qe3 Qc4 37. Qe6+ Kh8 38. Qxf5 Qd4 39. Re2 Kg8
40. Qe6+ Kh7 41. Qe4 Qf6 42. Qf3 Kg8 43. Ne4 Qd4 44. Ng5 Qc4 45. Qe4 Qb5 46.
Rc2 Nf8 47. h4 Qb3 48. Kh3 Qb5 49. Qc4 Qb6 50. Qe2 Qg1 51. Qg2 Qb1 52. Kh2 Qd1
53. Qd2 Qg4 54. Qe2 Qf5 55. Ne6 Rf7 56. Nxf8 Kxf8 57. Qd2 Rg7 58. Rc3 Qb1 59.
Qe2 Rg6 60. Qc2 Qxc2+ 61. Rxc2 Rf6 62. Rc4 b6 63. g4 e6 64. Kg3 exd5 65. Rd4
Re6 66. Rxd5 Re2 67. Rb5 Ke7 68. Rxb6 d5 69. Kf3 Re1 70. a4 d4 71. Rb4 Re3+ 72.
Kf2 Rd3 73. Ke2 Re3+ 74. Kd2 Re4 75. Kd3 Rxf4 76. Rxd4 Rf3+ 77. Kc4 Rf1 78. b4
Rc1+ 79. Kb5 Rc8 80. a5 Ke6 81. a6 Ke5 82. Rd7 Ke6 83. Rg7 Rb8+ 84. Rb7 Ra8 85.
a7 Kd6 86. Kb6 Rg8 87. Rb8 Rxg4 88. b5 Rxh4 89. a8=Q Rc4 90. Rd8+ Ke7 91. Re8+
Kf7 92. Qd5+ 1-0

[Event "Bergische SF 1 - SK Turm Euskirchen 1"]
[Site "NRW-Klasse - Gruppe 4 2021/20"]
[Date "2022.03.27"]
[Round "7.3"]
[White "Herzwurm, Robert"]
[Black "Weiser, Hans-Josef"]
[Result "1-0"]
[WhiteElo "1999"]
[BlackElo "1986"]
[PlyCount "51"]
[EventDate "2022.??.??"]
[SourceVersionDate "2020.03.16"]
[WhiteTeam "SK Turm Euskirchen 1"]
[BlackTeam "Bergische SF 1"]

1. e4 c5 2. Nc3 Nc6 3. Bb5 g6 4. Bxc6 dxc6 5. d3 Bg7 6. Be3 b6 7. Qd2 Nf6 8.
Bh6 O-O 9. Nge2 e5 10. h4 Be6 11. f3 Bxh6 12. Qxh6 c4 13. h5 cxd3 14. O-O-O Qe7
15. cxd3 b5 16. Kb1 Nd7 17. d4 g5 18. d5 cxd5 19. exd5 Bf5+ 20. Ka1 f6 21. Ng3
Bc2 22. Rd2 b4 23. Rxc2 bxc3 24. Rxc3 Nb6 {(=)} 25. Nf5 Rac8 26. Nxe7+ 1-0

[Event "Bergische SF 1 - SK Turm Euskirchen 1"]
[Site "NRW-Klasse - Gruppe 4 2021/20"]
[Date "2022.03.27"]
[Round "7.4"]
[White "Gelsok, Philipp"]
[Black "Brinkmann, Sven"]
[Result "1/2-1/2"]
[WhiteElo "1967"]
[BlackElo "2002"]
[PlyCount "94"]
[EventDate "2022.??.??"]
[SourceVersionDate "2020.03.16"]
[WhiteTeam "Bergische SF 1"]
[BlackTeam "SK Turm Euskirchen 1"]

1. e4 e6 2. d4 d5 3. Nc3 dxe4 4. Nxe4 Nd7 5. Nf3 Be7 6. Bd3 Ngf6 7. O-O O-O 8.
Qe2 c5 9. dxc5 Nxc5 10. Nxc5 Bxc5 11. Bg5 Be7 12. Rfd1 Qc7 13. c4 Rd8 14. Rac1
Bd7 15. Bb1 Be8 16. Qc2 g6 17. Qc3 Rxd1+ 18. Rxd1 Rd8 19. Re1 Nh5 20. Bxe7 Qxe7
21. g3 Qc7 22. Ne5 f6 23. Ng4 e5 24. Qf3 Kg7 25. Ne3 Rd4 26. Be4 Bc6 27. Bxc6
Qxc6 28. Qe2 f5 29. Nxf5+ gxf5 30. Qxh5 Qf6 31. Qf3 e4 32. Qb3 Qc6 33. Rd1
Rxd1+ 34. Qxd1 Qxc4 {(=)} 35. Qd7+ Kg6 36. Qxb7 Qxa2 37. Qc6+ Kg7 38. Qd7+ Qf7
39. Qd4+ Kg6 40. h4 h5 41. Qe3 Qe7 42. f3 Kf7 43. fxe4 fxe4 44. Kg2 Kg6 45. Qe2
Qe6 46. Qb5 Qf6 47. Qe2 Qe6 1/2-1/2

[Event "Bergische SF 1 - SK Turm Euskirchen 1"]
[Site "NRW-Klasse - Gruppe 4 2021/20"]
[Date "2022.03.27"]
[Round "7.5"]
[White "Weißhuhn, Gunnar"]
[Black "Eilers, Jochen"]
[Result "1-0"]
[WhiteElo "2047"]
[BlackElo "1956"]
[PlyCount "59"]
[EventDate "2022.??.??"]
[SourceVersionDate "2020.03.16"]
[WhiteTeam "SK Turm Euskirchen 1"]
[BlackTeam "Bergische SF 1"]

1. d4 c5 2. dxc5 Na6 3. e4 Nxc5 4. f3 d6 5. c4 Nf6 6. Nc3 g6 7. Be3 Ne6 8. Qd2
Bg7 9. Nge2 Bd7 10. Nc1 a6 11. Be2 Qc7 12. g4 Bc6 13. Nd3 Rc8 14. Rc1 Qd7 15.
h4 b5 16. cxb5 axb5 17. Nb4 O-O 18. Nxc6 Qxc6 19. Kf2 Qb7 20. Nxb5 Nc5 21. Bxc5
dxc5 22. Rhd1 Qb8 23. Kg2 Rfd8 24. Qe3 Nd7 {(=)} 25. f4 Bxb2 26. Rb1 Bd4 27.
Nxd4 cxd4 28. Rxb8 dxe3 29. Rxc8 Rxc8 30. Rxd7 1-0

[Event "Bergische SF 1 - SK Turm Euskirchen 1"]
[Site "NRW-Klasse - Gruppe 4 2021/20"]
[Date "2022.03.27"]
[Round "7.6"]
[White "Thelen, Harm-Wulf"]
[Black "Blumenthal, Ralf"]
[Result "1-0"]
[WhiteElo "1921"]
[BlackElo "1863"]
[PlyCount "167"]
[EventDate "2022.??.??"]
[SourceVersionDate "2020.03.16"]
[WhiteTeam "Bergische SF 1"]
[BlackTeam "SK Turm Euskirchen 1"]

1. c4 c5 2. Nc3 Nc6 3. g3 g6 4. Bg2 Bg7 5. d3 d6 6. e4 e5 7. Nge2 Nge7 8. O-O
O-O 9. f4 f5 10. a3 a6 11. Rb1 Rb8 12. b4 cxb4 13. axb4 b5 14. cxb5 axb5 15.
Be3 Nd4 16. Nd5 Nxe2+ 17. Qxe2 Nxd5 18. exd5 Bd7 19. Rbc1 Rc8 20. Qf2 Qe7 21.
Bb6 Rxc1 22. Rxc1 Rc8 23. Rxc8+ Bxc8 24. Qc2 Bb7 25. Qc7 Kf7 26. Qxe7+ Kxe7 27.
fxe5 Bxe5 28. d4 Bg7 29. Kf2 Bh6 30. Ke2 Bc1 31. Kd3 Bc8 32. Kc2 Be3 33. Bf3 h5
34. Kd3 Bg1 35. h3 Bf2 36. g4 fxg4 37. hxg4 Bxg4 38. Bxg4 hxg4 39. Ke2 Bh4 40.
Kf1 Kd7 41. Ke2 Kc8 42. Ke3 Kb7 43. Ba5 Bf6 44. Kf4 Bxd4 45. Kxg4 Bf6 46. Kf4
Kc8 47. Bb6 Kd7 48. Kg4 Ke7 49. Kf4 Bc3 50. Ba5 Bd2+ 51. Ke4 Kf7 52. Kd3 Be1
53. Ke4 Kg7 54. Kf4 Kh6 55. Kg4 Bd2 56. Kf3 Kg5 57. Ke2 Bc3 58. Ke3 Be5 59. Ke4
Kg4 60. Bc7 Kg3 61. Ke3 g5 62. Bd8 Bf4+ 63. Ke4 Bd2 64. Be7 Bxb4 65. Bxg5 Bc3
66. Bf4+ Kg4 67. Bxd6 b4 68. Kd3 Kf5 69. Kc4 Be1 {(=)} 70. Bxb4 Bg3 71. Kc5 Kf6
72. Kc6 Kf7 73. Kd7 Bf4 74. Bd6 Bd2 75. Kc6 Ke8 76. Bc7 Bb4 77. Bb6 Be7 78. Bc7
Bb4 79. Bd6 Bd2 80. Be5 Bb4 81. Bd4 Be7 82. Bc5 Bg5 83. d6 Kd8 84. d7 1-0

[Event "Bergische SF 1 - SK Turm Euskirchen 1"]
[Site "NRW-Klasse - Gruppe 4 2021/20"]
[Date "2022.03.27"]
[Round "7.7"]
[White "Reckers, Sebastian"]
[Black "Mann, Günter"]
[Result "1-0"]
[WhiteElo "1798"]
[BlackElo "1715"]
[PlyCount "117"]
[EventDate "2022.??.??"]
[SourceVersionDate "2020.03.16"]
[WhiteTeam "SK Turm Euskirchen 1"]
[BlackTeam "Bergische SF 1"]

1. e4 c5 2. Nf3 Nc6 3. d4 cxd4 4. Nxd4 Nf6 5. Nc3 a6 6. Bg5 e6 7. f4 h6 8. Bh4
Be7 9. e5 Nd5 10. Bxe7 Ndxe7 11. Ne4 O-O 12. Nf3 Nf5 13. g4 Ne3 14. Qd2 Nxg4
15. Rg1 f5 16. Nd6 Qb6 17. Nc4 Qc5 18. O-O-O b5 19. Nd6 Qe3 20. Qxe3 Nxe3 21.
Rd2 Ne7 22. Nh4 Kh7 23. Bg2 Rb8 24. Bf3 Rg8 25. Rd3 g5 26. Rxe3 gxh4 27. Rxg8
Kxg8 28. Rd3 a5 29. Ne8 Ng6 30. Nf6+ Kf8 31. Rd4 Ke7 32. Bh5 Nf8 33. Ng8+ Kd8
34. Nxh6 Bb7 35. Nf7+ Kc7 36. Nd6 Bd5 {(=)} 37. b3 b4 38. Rd3 Bg2 39. c3 bxc3
40. Rxc3+ Kb6 41. a4 h3 42. Kc2 Rd8 43. Kd3 Ra8 44. Kd4 Rb8 45. Rc5 Bc6 46.
Nc4+ Ka6 47. Rxa5+ Kb7 48. b4 d5 49. exd6 Nd7 50. Ne5 Rg8 51. Nxc6 Kxc6 52.
Ra6+ Kb7 53. b5 Rg2 54. Bf3+ Kc8 55. Ra8+ Nb8 56. d7+ Kxd7 57. Rxb8 Rxh2 58.
Rh8 Ra2 59. Rxh3 1-0

[Event "Bergische SF 1 - SK Turm Euskirchen 1"]
[Site "NRW-Klasse - Gruppe 4 2021/20"]
[Date "2022.03.27"]
[Round "7.8"]
[White "Yon, Gregory"]
[Black "Alnafkhosh, Nashaat"]
[Result "0-1"]
[WhiteElo "1545"]
[BlackElo "1806"]
[PlyCount "96"]
[EventDate "2022.??.??"]
[SourceVersionDate "2020.03.16"]
[WhiteTeam "Bergische SF 1"]
[BlackTeam "SK Turm Euskirchen 1"]

1. d4 Nf6 2. Nf3 g6 3. Bf4 Bg7 4. e3 d5 5. Be2 Bg4 6. h3 Bxf3 7. Bxf3 e6 8. O-O
O-O 9. c4 c6 10. c5 b6 11. Bd6 Re8 12. Nd2 Nbd7 13. Qc2 Rc8 14. Be2 b5 15. f4
Nb8 16. a4 a6 17. a5 Nbd7 18. b4 Nf8 19. Bd3 Nh5 20. Nf3 Ng3 21. Rfe1 Nd7 22.
Kh2 Nf5 23. Bxf5 exf5 24. Rad1 Nf6 25. Be5 Bf8 26. Bxf6 Qxf6 27. Qf2 h5 28. Ne5
Qe6 29. Qg3 Bg7 30. h4 Bxe5 31. fxe5 Kg7 32. Qg5 f6 33. exf6+ Qxf6 34. g3 Qxg5
35. hxg5 Re4 36. Rd2 Rg4 37. e4 fxe4 38. Rf1 Rf8 39. Rxf8 Kxf8 40. Rf2+ Ke7 41.
Rf6 e3 42. Kg2 Rxg5 43. Rf3 Rg4 44. Rxe3+ Re4 45. Kf3 Rxe3+ 46. Kxe3 Ke6 47.
Kf2 Kf5 48. Kf3 g5 0-1

[Event "SC Bonn Beuel 1 - SV Bergneustadt/Dersc"]
[Site "NRW-Klasse - Gruppe 4 2021/20"]
[Date "2022.04.24"]
[Round "8.1"]
[White "Stuemer, Paul"]
[Black "Haag, Martin"]
[Result "1/2-1/2"]
[WhiteElo "1971"]
[BlackElo "2214"]
[PlyCount "61"]
[EventDate "2022.??.??"]
[SourceVersionDate "2020.03.16"]
[WhiteTeam "SV Bergneustadt/Derschlag 1"]
[BlackTeam "SC Bonn Beuel 1"]

1. Nf3 c5 2. e3 Nf6 3. d4 d5 4. c4 e6 5. Nc3 a6 6. a3 dxc4 7. Bxc4 b5 8. Bd3
Nbd7 9. O-O Bb7 10. Qe2 Rc8 11. Rd1 Qc7 12. e4 cxd4 13. Nxd4 Bc5 14. Nb3 Bb6
15. Bg5 O-O 16. Rac1 Qb8 17. Bb1 Ne5 18. Bh4 Rfd8 19. Bg3 Rxd1+ 20. Rxd1 Bc7
21. Nc5 Nc4 22. Nxb7 Qxb7 23. e5 Ne8 24. Be4 Qb8 25. Rd7 Rd8 26. Bxh7+ Kxh7 27.
Qh5+ Kg8 28. Qxf7+ Kh7 29. Qh5+ Kg8 30. Qf7+ Kh7 31. Qh5+ 1/2-1/2

[Event "SC Bonn Beuel 1 - SV Bergneustadt/Dersc"]
[Site "NRW-Klasse - Gruppe 4 2021/20"]
[Date "2022.04.24"]
[Round "8.2"]
[White "Hoppe, Thilo"]
[Black "Gloeckl, Simon"]
[Result "1-0"]
[WhiteElo "2136"]
[BlackElo "1815"]
[PlyCount "109"]
[EventDate "2022.??.??"]
[SourceVersionDate "2020.03.16"]
[WhiteTeam "SC Bonn Beuel 1"]
[BlackTeam "SV Bergneustadt/Derschlag 1"]

1. d4 Nf6 2. c4 e6 3. Nf3 d5 4. Nc3 dxc4 5. e3 a6 6. Bxc4 b5 7. Bd3 Bb7 8. O-O
Be7 9. Qe2 O-O 10. e4 Nbd7 11. Rd1 c5 12. dxc5 Bxc5 13. Bg5 Qb6 14. h3 h6 15.
Bh4 Bc6 16. Bc2 Nh5 17. Rxd7 Bxd7 18. Ne5 Nf4 19. Qg4 Be8 20. Qxf4 Bd6 21. Rd1
Qc7 22. Rxd6 Qxd6 23. Bg3 f6 24. Nd3 Qxf4 25. Bxf4 Bf7 26. e5 Bg6 27. exf6 Rxf6
28. Be5 Rff8 29. f3 Rac8 30. Kf2 a5 31. a3 Rc4 32. Ke3 Rd8 33. Bb1 b4 34. axb4
axb4 35. Ne4 Ra8 36. b3 Rc6 37. Bd4 Ra3 38. Nd2 Rd6 39. Bc5 Rd7 40. Bxb4 Ra1
41. Ne5 Rxd2 42. Bxg6 Rxg2 43. Bf7+ Kh8 44. Bxe6 Rb1 45. Nf7+ Kg8 46. Nxh6+ Kh8
47. Nf7+ Kg8 48. Ng5+ Kh8 49. Ne4 Rg6 50. Bc4 Rb6 51. Be7 Re1+ 52. Kf4 Kh7 53.
Bc5 Rb8 54. Ng5+ Kg6 55. Bd3+ 1-0

[Event "SC Bonn Beuel 1 - SV Bergneustadt/Dersc"]
[Site "NRW-Klasse - Gruppe 4 2021/20"]
[Date "2022.04.24"]
[Round "8.3"]
[White "Michalik, Friedhelm"]
[Black "Lorenz, Roger"]
[Result "1-0"]
[WhiteElo "2011"]
[BlackElo "2136"]
[PlyCount "85"]
[EventDate "2022.??.??"]
[SourceVersionDate "2020.03.16"]
[WhiteTeam "SV Bergneustadt/Derschlag 1"]
[BlackTeam "SC Bonn Beuel 1"]

1. d4 Nf6 2. Nf3 d5 3. e3 c5 4. b3 cxd4 5. exd4 Nc6 6. Bb2 Bg4 7. Nbd2 e6 8.
Be2 Qb6 9. h3 Bh5 10. O-O Be7 11. c4 O-O 12. c5 Qc7 13. a3 a5 14. Bc3 Rfd8 15.
Qc2 Bxf3 16. Nxf3 Ne4 17. b4 Nxc3 18. Qxc3 Bf6 19. b5 Ne7 20. Bd3 Ng6 21. Bxg6
hxg6 22. Rfe1 b6 23. Rac1 Rab8 24. a4 Re8 25. cxb6 Qxb6 26. Qc5 Qb7 27. Qc6 Qa7
28. Qc5 Qb7 29. Qc7 Qa8 30. Ne5 Bxe5 31. Qxe5 Rbc8 32. Rc5 f6 33. Qg3 e5 34.
Rec1 exd4 35. Qxg6 Rxc5 36. Rxc5 Qb8 37. g3 Qe5 38. b6 Rb8 39. b7 Qe6 40. Rc7
Qe1+ 41. Kg2 Qe4+ 42. Qxe4 dxe4 43. Rc8+ 1-0

[Event "SC Bonn Beuel 1 - SV Bergneustadt/Dersc"]
[Site "NRW-Klasse - Gruppe 4 2021/20"]
[Date "2022.04.24"]
[Round "8.4"]
[White "Decker, Nils"]
[Black "Wang, Andre"]
[Result "0-1"]
[WhiteElo "2117"]
[BlackElo "1976"]
[PlyCount "50"]
[EventDate "2022.??.??"]
[SourceVersionDate "2020.03.16"]
[WhiteTeam "SC Bonn Beuel 1"]
[BlackTeam "SV Bergneustadt/Derschlag 1"]

1. c4 Nf6 2. Nc3 c5 3. Nf3 Nc6 4. e3 d6 5. d4 Bg4 6. Be2 a6 7. O-O Qb6 8. Re1
e6 9. d5 Bxf3 10. gxf3 Ne5 11. f4 Ned7 12. e4 O-O-O 13. a3 h6 14. b4 g5 15.
dxe6 fxe6 16. Rb1 gxf4 17. bxc5 Qxc5 18. Bxf4 Rg8+ 19. Kf1 Qc6 20. Nd5 Nxe4 21.
Rc1 Ndc5 22. f3 exd5 23. cxd5 Qd7 24. Bg3 Qh3+ 25. Kg1 Rxg3+ 0-1

[Event "SC Bonn Beuel 1 - SV Bergneustadt/Dersc"]
[Site "NRW-Klasse - Gruppe 4 2021/20"]
[Date "2022.04.24"]
[Round "8.5"]
[White "Linnenborn, Guido"]
[Black "Gikas, Andreas Basilius"]
[Result "0-1"]
[WhiteElo "1880"]
[BlackElo "2143"]
[PlyCount "46"]
[EventDate "2022.??.??"]
[SourceVersionDate "2020.03.16"]
[WhiteTeam "SV Bergneustadt/Derschlag 1"]
[BlackTeam "SC Bonn Beuel 1"]

1. c4 c6 2. g3 d5 3. Bg2 Nf6 4. Nf3 Bf5 5. cxd5 cxd5 6. Qb3 Nc6 7. Qxb7 Bd7 8.
Qb3 e5 9. d3 Rb8 10. Qd1 Bb4+ 11. Nfd2 h5 12. a3 Bc5 13. e3 h4 14. b4 Bd6 15.
Nc3 Ne7 16. Nb3 Bg4 17. Bf3 Qc8 18. Bd2 hxg3 19. fxg3 e4 20. Bxg4 Bxg3+ 21. Kf1
Nxg4 22. dxe4 dxe4 23. Nd4 Nxh2+ 0-1

[Event "SC Bonn Beuel 1 - SV Bergneustadt/Dersc"]
[Site "NRW-Klasse - Gruppe 4 2021/20"]
[Date "2022.04.24"]
[Round "8.7"]
[White "Sailer, Hans-Peter"]
[Black "Koch, Matthias"]
[Result "0-1"]
[WhiteElo "1810"]
[BlackElo "1955"]
[PlyCount "72"]
[EventDate "2022.??.??"]
[SourceVersionDate "2020.03.16"]
[WhiteTeam "SV Bergneustadt/Derschlag 1"]
[BlackTeam "SC Bonn Beuel 1"]

1. e4 e5 2. Nf3 Nc6 3. Bb5 a6 4. Ba4 d6 5. O-O Bg4 6. c3 Qf6 7. d3 Nge7 8. Be3
Bxf3 9. Qxf3 Qxf3 10. gxf3 Ng6 11. Nd2 Be7 12. d4 O-O 13. d5 Nb8 14. c4 f5 15.
exf5 Nh4 16. Bc2 Nxf5 17. Be4 Nd7 18. Kh1 Rf7 19. Rg1 Raf8 20. b4 b6 21. a4 Nd4
22. Rg3 Nf6 23. Re1 Nxe4 24. fxe4 Bh4 25. Rg2 Bxf2 26. Bxf2 Rxf2 27. Reg1 Rxd2
28. Rxd2 Nf3 29. Rf2 Nxg1 30. Kxg1 Rxf2 31. Kxf2 Kf7 32. Kg3 Kg6 33. Kg4 h5+
34. Kg3 Kg5 35. h4+ Kf6 36. a5 bxa5 0-1